[Event "IECC CL5-2007.05 email"]
[Site "IECC email"]
[Date "2007.04.05"]
[Round "?"]
[White "Mees, Lennu"]
[Black "Jewell, Barry"]
[Result "0-1"]
[WhiteElo "1495"]
[BlackElo "1480"]
[PlyCount "32"]
[EventDate "2007.??.??"]
[EventType "tourn (corr)"]
[EventRounds "4"]
[SourceTitle "Corr 2008"]
[Source "ChessBase"]
[SourceDate "2008.06.24"]
[SourceVersion "1"]
[SourceVersionDate "2008.06.24"]
[SourceQuality "1"]
[WhiteTeam "Estonia"]
[BlackTeam "Canada"]
[WhiteTeamCountry "EST"]
[BlackTeamCountry "CAN"]

1. e4 e5 2. Nf3 Nc6 3. Bb5 Nge7 4. 0-0 Ng6 5. d4 exd4 6. Nxd4 Bc5 7. Nxc6 dxc6 8. Qxd8+ Kxd8 9. Bc4 Ke7 10. Nc3 b5 11. Bb3 a5 12. a4 b4 13. Ne2 Ba6 14. Re1 Rhd8 15. Nf4 Ne5 16. Ne2 Bxe2 0-1

[Event "IECC TH-M-2734"]
[Site "IECC email"]
[Date "2007.03.13"]
[Round "?"]
[White "Johnson, Mark Brian"]
[Black "Mees, Lennu"]
[Result "0-1"]
[WhiteElo "1200"]
[BlackElo "1477"]
[PlyCount "22"]
[EventDate "2007.??.??"]
[EventType "tourn (corr)"]
[SourceTitle "Corr 2020"]
[Source "ChessBase"]
[SourceDate "2019.09.30"]
[SourceVersion "1"]
[SourceVersionDate "2019.09.30"]
[SourceQuality "1"]
[WhiteTeam "United States"]
[BlackTeam "Estonia"]
[WhiteTeamCountry "USA"]
[BlackTeamCountry "EST"]

1. e4 e5 2. Nf3 Nc6 3. Bb5 a6 4. Ba4 Nf6 5. 0-0 Be7 6. Nc3 b5 7. Bb3 0-0 8. d3 d6 9. Be3 Na5 10. Bd5 c6 11. Bxf7+ Rxf7 0-1

[Event "IECC M-5642"]
[Site "IECC email"]
[Date "2007.03.06"]
[Round "?"]
[White "Mees, Lennu"]
[Black "Vazquez Marquinez, Felipe"]
[Result "0-1"]
[WhiteElo "1505"]
[BlackElo "1591"]
[PlyCount "40"]
[EventDate "2007.??.??"]
[EventType "tourn (corr)"]
[EventRounds "10"]
[SourceTitle "Corr 2008"]
[Source "ChessBase"]
[SourceDate "2008.06.24"]
[SourceVersion "1"]
[SourceVersionDate "2008.06.24"]
[SourceQuality "1"]
[WhiteTeam "Estonia"]
[BlackTeam "Peru"]
[WhiteTeamCountry "EST"]
[BlackTeamCountry "PER"]

1. e4 c5 2. Nf3 d6 3. d4 cxd4 4. Nxd4 Nf6 5. Nc3 a6 6. Bg5 e6 7. f4 Nbd7 8. Qf3 Qc7 9. 0-0-0 b5 10. e5 Bb7 11. Qh3 dxe5 12. Nxe6 fxe6 13. Qxe6+ Be7 14. Nxb5 axb5 15. Bxb5 Be4 16. Rd2 Kf8 17. Bxd7 Bb4 18. Rf2 Bd5 19. Qxe5 Rxa2 20. c3 Bd6 0-1

[Event "IECC M-5642"]
[Site "IECC email"]
[Date "2007.03.06"]
[Round "?"]
[White "Vazquez Marquinez, Felipe"]
[Black "Mees, Lennu"]
[Result "1-0"]
[WhiteElo "1563"]
[BlackElo "1488"]
[PlyCount "37"]
[EventDate "2007.??.??"]
[EventType "tourn (corr)"]
[EventRounds "10"]
[SourceTitle "Corr 2008"]
[Source "ChessBase"]
[SourceDate "2008.06.24"]
[SourceVersion "1"]
[SourceVersionDate "2008.06.24"]
[SourceQuality "1"]
[WhiteTeam "Peru"]
[BlackTeam "Estonia"]
[WhiteTeamCountry "PER"]
[BlackTeamCountry "EST"]

1. e4 e5 2. Nf3 Nc6 3. d4 exd4 4. Nxd4 Nf6 5. Nxc6 bxc6 6. e5 Qe7 7. Qe2 Nd5 8. c4 Ba6 9. b3 f6 10. Bb2 Nf4 11. Qe3 Ng6 12. exf6 Qxe3+ 13. fxe3 gxf6 14. Bxf6 Rg8 15. Bd3 Bb4+ 16. Nd2 d5 17. 0-0-0 Kd7 18. Bf5+ Kd6 19. Ne4# 1-0

[Event "IECC CL5-2007.04 email"]
[Site "IECC email"]
[Date "2007.03.03"]
[Round "?"]
[White "Stoffers, Ben"]
[Black "Mees, Lennu"]
[Result "1-0"]
[WhiteElo "1599"]
[BlackElo "1492"]
[PlyCount "63"]
[EventDate "2007.??.??"]
[EventType "tourn (corr)"]
[EventRounds "4"]
[SourceTitle "Corr 2008"]
[Source "ChessBase"]
[SourceDate "2008.06.24"]
[SourceVersion "1"]
[SourceVersionDate "2008.06.24"]
[SourceQuality "1"]
[WhiteTeam "Netherlands"]
[BlackTeam "Estonia"]
[WhiteTeamCountry "NED"]
[BlackTeamCountry "EST"]

1. e4 e5 2. Nf3 Nc6 3. d4 exd4 4. Nxd4 Nxd4 5. Qxd4 Qf6 6. e5 Qb6 7. Qxb6 axb6 8. Nc3 Bb4 9. Bd2 f6 10. Nd5 Bxd2+ 11. Kxd2 Kd8 12. exf6 Nxf6 13. Nxf6 gxf6 14. Bd3 h6 15. a3 Re8 16. Rae1 d5 17. f3 Bd7 18. h3 c6 19. g4 Kc7 20. Bg6 Rxe1 21. Rxe1 Kd6 22. f4 Rg8 23. Bd3 Re8 24. Rxe8 Bxe8 25. a4 c5 26. b3 Bc6 27. Bb5 d4 28. Bxc6 bxc6 29. Kd3 Kd5 30. h4 Kd6 31. Kc4 Ke6 32. a5 1-0

[Event "IECC CL5-2007.02 email"]
[Site "IECC email"]
[Date "2007.02.11"]
[Round "?"]
[White "Sadler, Craig"]
[Black "Mees, Lennu"]
[Result "1-0"]
[WhiteElo "1468"]
[BlackElo "1439"]
[PlyCount "35"]
[EventDate "2007.??.??"]
[EventType "tourn (corr)"]
[EventRounds "4"]
[SourceTitle "Corr 2008"]
[Source "ChessBase"]
[SourceDate "2008.06.24"]
[SourceVersion "1"]
[SourceVersionDate "2008.06.24"]
[SourceQuality "1"]
[WhiteTeam "Canada"]
[BlackTeam "Estonia"]
[WhiteTeamCountry "CAN"]
[BlackTeamCountry "EST"]

1. Nf3 f5 2. e4 fxe4 3. Ng5 Nf6 4. d3 e5 5. dxe4 d5 6. exd5 Qxd5 7. Qxd5 Nxd5 8. Bd3 h6 9. Bg6+ Ke7 10. Nf7 Rg8 11. Nxe5 Kf6 12. Bf7 Rh8 13. Bxd5 Kxe5 14. Nc3 Bb4 15. f4+ Kd6 16. Bf3 Re8+ 17. Kf2 c5 18. Nb5+ 1-0